000 00822nam a2200205Ii 4500
003 JO-AjNU
008 230605s9999||||xx |||||||||||||| ||und||
040 _aJO-AjNU
_bara
_erda
_cJO-AjNU
041 _aara
050 1 4 _aKMM356.6.A31.2005
100 3 _aوزارة المالية/دائرة ضريبة الدخل والمبيعات,
_eauthor
_964158
245 0 0 _aقانون ضريبة الدخل-قانون رقم (57) لسنة 1985 وتعديلاته والانظمة واتعليمات الصادرة بموجبه
250 _aط1
264 3 1 _aعمان: مطابع الدستور التجارية، 2005
300 _a236ص
336 _atext
_btxt
_2rdacontent
337 _aunmediated
_bn
_2rdamedia
338 _avolume
_bnc
_2rdacarrier
650 4 _aضريبة الدخل-قوانين وتشريعات
_964159
999 _aA29140
_c32708
_d32708